| 000 | 00370nam a22001697a 4500 | ||
|---|---|---|---|
| 005 | 20260618135041.0 | ||
| 020 | _a9788198510860 | ||
| 041 | _aEnglish | ||
| 082 | _aT16 R25 STE | ||
| 100 | _aStephen Jeyaseela | ||
| 245 | _aPala Ayropiyargal Thamizh Kattralum Aaivum: | ||
| 250 | _a01 | ||
| 260 |
_bNcbh _c2025 |
||
| 300 | _a249 | ||
| 365 | _b210.00 | ||
| 942 | _cBK | ||
| 999 |
_c177949 _d177949 |
||